[Event "Vina del Mar op 11th"]
[Site "Vina del Mar"]
[Date "2019.??.??"]
[Round "4"]
[White "Schnider Perez, David"]
[Black "Miranda Camus, Gonzalo Alonso"]
[Result "0-1"]
[WhiteElo "1407"]
[BlackElo "1275"]
[PlyCount "104"]
[EventDate "2019.05.19"]
[EventType "swiss"]
[EventRounds "6"]
[EventCountry "CHI"]
[SourceTitle "CBM 190 Extra"]
[Source "ChessBase"]
[SourceDate "2019.07.15"]
[SourceVersion "1"]
[SourceVersionDate "2019.07.15"]
[SourceQuality "1"]

1. e4 e5 2. Nf3 Nf6 3. d3 Nc6 4. Bg5 Be7 5. Be2 0-0 6. 0-0 d5 7. exd5 Nxd5 8. Bxe7 Qxe7 9. c4 Nf6 10. Nc3 Be6 11. h3 Rfd8 12. Qc2 a6 13. a3 Nd4 14. Nxd4 Rxd4 15. Bf3 c6 16. Ne2 Rd7 17. Rad1 Rad8 18. Rd2 e4 19. Bxe4 Nxe4 20. Rdd1 Nf6 21. d4 Ne8 22. Qc3 Qg5 23. Ng3 Nd6 24. c5 Nb5 25. Qe3 Qf6 26. Ne4 Qg6 27. Ng5 Rxd4 28. Rxd4 Rxd4 29. Nxe6 Qxe6 30. Qxe6 fxe6 31. Rb1 Rd5 32. b4 Nxa3 33. Rb3 Nb5 34. Re3 Kf7 35. Rf3+ Rf5 36. Rd3 Rd5 37. Rf3+ Ke7 38. g3 Rd1+ 39. Kg2 Rb1 40. Rf4 Nc7 41. Re4 Nd5 42. f4 Rxb4 43. Re5 Kf6 44. Kf3 Rb3+ 45. Kg2 a5 46. Re4 Rb4 47. Re2 a4 48. Ra2 Nc3 49. Ra1 Nb5 50. Kf3 Rb3+ 51. Kf2 Rb2+ 52. Kf3 a3 0-1